000 005240000a22001930004500
001 003244
003 MACL
005 20151025155125.0
008 151025b xxu||||| |||| 00| 0 eng d
040 _aMACL
_cMACL
041 _aEnglish
082 _a925.54/MIT
100 _aMitra, Saroj Mohan
_916793
245 _aCollected Works Of Raja Rammohan Roy Volume-I
_cSaroj Mohan Mitra
260 _aKolkata
_c2003
_bRammohan Library &Free Reading Room,
350 _a200
650 _aBiography
_916794
942 _k923
_cBK
_2ddc
999 _c15149
_d15149